000 00215 a2200097 4500
001 8602
100 _aMuhammad Younas Musrrat
245 _aHamarey nafsiati masail
260 _a
_bFerozsons
_c
090 _c6924
_d6924
942 _aNUST-CAE
_cM
_c33516
999 _c243675
_d243675